000 00285nam a22001337a 4500
008 170424b xxu||||| |||| 00| 0 eng d
020 _a0669181781
041 _aeng
080 _22ND
_a547
100 _a12
101 _aSHM
245 _aORGANIC CHEMISTRY
_cEGE, S
942 _2udc
_cBK
999 _c11801
_d11801